| 000 | 00670nam a2200205 a 4500 | ||
|---|---|---|---|
| 001 | 20300 | ||
| 003 | CO-ViMGA | ||
| 008 | 141112s2004 ck r 000 u spa d | ||
| 020 | _a9681642317 | ||
| 040 |
_aCO-ViMGA _bspa _cCO-ViMGA |
||
| 082 | 0 | 4 | _aCAbe |
| 100 | 1 |
_aCarballido, Emilio; Hernandez, Amezcua _929327 |
|
| 245 | 1 | 0 | _aUn enorme animal nube |
| 260 |
_aMexico : _bFondo de Cultura Económica, _c1996 |
||
| 300 | _a30p | ||
| 590 | _aForma de adquisición : Donación Banco de la Repúbica - - Precio : 20000 - - Fecha de adquisición : FEBRERO 2005 | ||
| 650 | 1 | 4 |
_aANIMALES CUENTOS INFANTILES _920047 |
| 650 | 1 | 4 | _aCUENTOS INFANTILES MEXICANOS |
| 942 |
_2ddc _cBK |
||
| 999 |
_c29314 _d29314 |
||